000 00302nam a22001337a 4500
041 _aENG
100 _aBiswas .T.D
245 _aTextbook Of Soil Science
250 _aSecond Edition
260 _aDelhi
_bTata Mcgraw -Hil
_c1999
300 _a433
650 _aAgricultural
856 _uAgricultural
999 _c641
_d641